[Event "Zuerich op-B 32nd"]
[Site "Zuerich"]
[Date "2008.12.27"]
[Round "2"]
[White "Eggenberger, Werner"]
[Black "Bundi, Roger"]
[Result "0-1"]
[WhiteElo "1992"]
[BlackElo "1846"]
[PlyCount "92"]
[EventDate "2008.12.26"]
[EventType "swiss"]
[EventRounds "7"]
[EventCountry "SUI"]
[SourceTitle "CBM 127 Extra"]
[Source "ChessBase"]
[SourceDate "2009.01.08"]
[SourceVersion "2"]
[SourceVersionDate "2009.01.28"]
[SourceQuality "1"]

1. e4 c5 2. Nf3 Nc6 3. d4 cxd4 4. Nxd4 Qb6 5. Nb3 Nf6 6. Nc3 e6 7. Bd3 Bb4 8. Be3 Qc7 9. 0-0 Bxc3 10. bxc3 0-0 11. f4 d6 12. g4 Ne7 13. g5 Ne8 14. c4 f6 15. Qh5 e5 16. f5 fxg5 17. Bxg5 Nf6 18. Qh4 b6 19. Rf3 h6 20. Be3 Bb7 21. Rh3 Qc6 22. Rf1 Rf7 23. Nd2 Kf8 24. Rg3 Ke8 25. h3 Kd7 26. Kh2 Rg8 27. Rfg1 Kc7 28. R3g2 Qd7 29. c5 d5 30. cxb6+ axb6 31. Nf3 Nc6 32. exd5 Nxd5 33. Bd2 Re8 34. Bc4 e4 35. Bf4+ Kc8 36. Ne1 g5 37. fxg6 Rxf4 38. Qxh6 Rf6 39. Qh4 Qd6+ 40. Kh1 Ne3 41. g7 Nxg2 42. Qg4+ Kb8 43. Qxg2 Ne7 44. Qe2 e3+ 45. Ng2 Qg3 46. Qh5 Rg6 0-1

[Event "Zuerich op-B 25th"]
[Site "Zuerich"]
[Date "2001.??.??"]
[Round "7"]
[White "Zollinger, Stefan"]
[Black "Bundi, Roger"]
[Result "1-0"]
[WhiteElo "1947"]
[BlackElo "1824"]
[PlyCount "117"]
[EventDate "2001.12.26"]
[EventType "swiss"]
[EventRounds "7"]
[EventCountry "SUI"]
[SourceTitle "EXT 2019"]
[Source "ChessBase"]
[SourceDate "2018.10.10"]
[SourceVersion "1"]
[SourceVersionDate "2018.10.10"]
[SourceQuality "1"]

1. d4 Nf6 2. Nf3 d5 3. c4 c6 4. Nc3 e6 5. Bg5 Nbd7 6. e3 Be7 7. Bd3 0-0 8. 0-0 h6 9. Bh4 dxc4 10. Bxc4 b5 11. Bd3 Bb7 12. Rc1 a6 13. Bb1 c5 14. dxc5 Nxc5 15. Qc2 g6 16. Rfd1 Qb6 17. Ne5 g5 18. Bg3 Rfd8 19. Ng4 h5 20. Nxf6+ Bxf6 21. Qh7+ Kf8 22. Qxh5 Rxd1+ 23. Rxd1 Rd8 24. Qe2 b4 25. Rxd8+ Qxd8 26. Nd1 Ne4 27. Bxe4 Bxe4 28. f3 Qd3 29. Qxd3 Bxd3 30. Bd6+ Be7 31. Bxe7+ Kxe7 32. Kf2 Bc4 33. a3 Bb3 34. Ke2 bxa3 35. bxa3 f5 36. Nb2 Kf6 37. Kd3 g4 38. f4 Bd5 39. g3 e5 40. Nc4 exf4 41. exf4 Ke6 42. Kd4 Bf3 43. Kc5 Be2 44. Ne5 Bf1 45. a4 Be2 46. a5 Bf1 47. Nc6 Kd7 48. Kb6 Kd6 49. Nb4 Be2 50. Nxa6 Kd5 51. Nc5 Kd4 52. a6 Bxa6 53. Nxa6 Ke4 54. Nc7 Kf3 55. Nd5 Kg2 56. Ne7 Kxh2 57. Nxf5 Kg2 58. Kc5 Kf3 59. Kd4 1-0